Statistiken für Hauptstädte der Regionen

Klicken Sie hier um das Quiz zu spielen!

Allgemein

  • Dieses Quiz wurde 198 mal gespielt
  • Das Durchschnittsergebnis liegt bei 8 aus 15

Antwortstatistiken

RegionHauptstadt% Korrekt
BayernMünchen
97%
KatalonienBarcelona
95%
SizilienPalermo
87%
ToskanaFlorenz
83%
WalesCardiff
77%
KalifornienSacramento
75%
GrönlandNuuk
65%
AndalusienSevilla
65%
TibetLhasa
63%
KorsikaAjaccio
49%
MinnesotaMinneapolis
43%
TatarstanKasan
15%
ÅlandMariehamn
15%
GuamHagåtña
8%
Republik KarelienPetrosawodsk
6%

Verteilung der Resultate

Perzentil nach korrekt beantworteten Fragen

Anzahl Personen mit jedem Resultat

Ihre Resultats-Entwicklung

Sie haben dieses Quiz noch nicht gespielt